|
|
|
|
| LEADER |
00000cam a2200000 a 4500 |
| 001 |
vtls008312287 |
| 003 |
SK-MaSNL |
| 005 |
20260311135043.0 |
| 008 |
200228s1956 xo erp 000 0 slo |
| 015 |
|
|
|a SNBA1956/02-00212
|
| 020 |
|
|
|q (brožované)
|
| 035 |
|
|
|a SK01SNK19560004504
|
| 035 |
|
|
|a urn:nbn:sk:snk-am3hyd7
|
| 035 |
|
|
|a 7280C1BB-95F3-4E18-8C92-B5A0C7586EF0
|
| 035 |
|
|
|a urn:nbn:sk:snk-am00dddk
|
| 035 |
|
|
|a SKM000006967
|
| 040 |
|
|
|a SNK
|b slo
|c SNK
|e AACR2
|
| 041 |
0 |
|
|a slo
|
| 043 |
|
|
|a e-cs---
|
| 044 |
|
|
|a xo
|c SK
|
| 080 |
|
|
|a 711.437
|2 2011
|
| 080 |
|
|
|a 321.74
|2 2011
|
| 080 |
|
|
|a 37:32
|2 2011
|
| 080 |
|
|
|a (073)
|2 2011
|
| 080 |
|
|
|a 63
|2 2011
|
| 080 |
|
|
|a (437)
|2 2011
|
| 080 |
|
|
|a 631.115.8
|2 2011
|
| 245 |
0 |
0 |
|a Učebné texty pre základný kurz politického školenia
|n V. téma
|p Budovanie socializmu na našej dedine
|
| 246 |
3 |
0 |
|a Budovanie socializmu na našej dedine
|
| 260 |
|
|
|a Bratislava
|b Oddelenie propagandy a agitácie Ústredného výboru Komunistickej strany Československa
|c 1956
|e Bratislava
|f Pravda
|
| 300 |
|
|
|a 41 strán
|c 22 cm
|
| 366 |
|
|
|e 47550 kusov
|
| 490 |
1 |
|
|a Stranícke školenie v roku 1955-1956
|
| 650 |
0 |
7 |
|a dediny
|2 SNKPH
|9 51460
|
| 650 |
0 |
7 |
|a socializmus
|2 SNKPH
|9 2151
|
| 650 |
0 |
7 |
|a politické vzdelávanie
|2 SNKPH
|9 69709
|
| 650 |
0 |
7 |
|a poľnohospodárstvo
|2 SNKPH
|9 679
|
| 650 |
0 |
7 |
|a jednotné roľnícke družstvá
|2 SNKPH
|9 88028
|
| 651 |
|
7 |
|a Československo
|2 SNKPHgeo
|9 21376
|
| 655 |
|
7 |
|a učebné osnovy
|2 SNKPH
|9 60479
|
| 830 |
|
0 |
|a Stranícke školenie v roku 1955-1956
|9 299485
|
| 958 |
|
|
|a TL
|
| 958 |
|
|
|a RK
|
| 958 |
|
|
|a BQ
|
| 999 |
|
|
|c 906839
|d 908769
|
| 952 |
|
|
|a SNK
|b SNK
|y PREZ
|7 0
|p 17A0780683
|o snkSC 7322
|i snkKSP549/56
|0 0
|1 0
|4 0
|d 2019-06-12
|f 1
|l 0
|r 2025-07-04 00:00:00
|w 2026-02-24
|